000 00524nam a2200205Ia 4500
005 20250508165645.0
008 008 250505s9999 xx 000 0 eng d
037 _aReference
040 _aFEDL
_beng
_cFEDL
041 _aeng
_2eng
084 _a510, NCE/RR
_qFEDL
100 _aNCERT
245 0 _aMathematics : Textbook for class Xl
260 _aDelhi, India
_bNCERT
_c2002
300 _axv,814
365 _aINR
_b68
490 _vPart-2
942 _cREF
_h510, NCE/RR
999 _c1396556
_d1396556